Biblioteca ESET

El juguete rabioso / (Registro nro. 638)

Detalles MARC
000 -CABECERA
fixed length control field 00774nam a2200253Ia 4500
003 - CONTROL NUMBER IDENTIFIER
control field AR-BeUNQ
005 - FECHA Y HORA DE LA ULTIMA TRANSACCION
control field 20230928160336.0
008 - ELEMENTOS DE LONGITUD FIJA-INFORMACION GENERAL
fixed length control field 230905s2004 ag 00||f spa|d
020 ## - NUMERO INTERNACIONAL NORMALIZADO PARA LIBROS
Número Internacional Normalizado del libro 9500306050
040 ## - FUENTE DE CATALOGACION
Agencia de catalogación original AR-BeUNQ
Idioma de catalogación ESPAÑOL
Convenciones de la descripción aacr
Agencia que realiza la transcripción AR-BeUNQ
Agencia que realiza la modificación AR-BeUNQ
082 ## - NUMERO DE CLASIFICACION DECIMAL DEWEYMBER
Número de clasificación Ar 863
Número de la edición 21
100 1# - ASIENTO PRINCIPAL-NOMBRE PERSONAL
Nombre personal Arlt, Roberto
Fecha asociada al nombre 1900-1942
245 13 - MENCION DE TITULO
Título El juguete rabioso /
Mención de responsabilidad, etc Roberto Arlt.
250 ## - MENCION DE EDICION
Mención de edición 1a ed.
260 ## - PUBLICACION, DISTRIBUCION, ETC.
Lugar de publicación, distribución, etc. Ciudad Autónoma de Buenos Aires :
Nombre del editor, distribuidor, etc. Losada,
Fecha de publicación, distribución, etc 2004
300 ## - DESCRIPCION FISICA
Extensión 189 p. ;
Dimensiones 18 cm.
490 ## - MENCION DE SERIE
Mención de serie Clásicos Losada ;
Designación numérica/secuencial del volumen 31
546 ## - NOTA DE IDIOMA
Nota de idioma Español
650 ## - ASIENTO SECUNDARIO DE MATERIA - TERMINO TEMATICO
Término temático o nombre geográfico como elemento de entrada Literatura argentina
Fuente del encabezamiento o términ tell
650 ## - ASIENTO SECUNDARIO DE MATERIA - TERMINO TEMATICO
Término temático o nombre geográfico como elemento de entrada Novelas
Fuente del encabezamiento o términ tell
830 ## - ASIENTO SECUNDARIO DE SERIE--TITULO UNIFORME
Título uniforme Clásicos Losada ;
Designación numérica/secuencial del volumen 31
929 ## - DATOS DE ADQUISICION
Proveedor Ministerio de Educación de la Nación
Fecha de recibido 2019
Número de inventario 59705
Patrimonio UNQ PAT0080491
Es copia 1
Procedencia DONACION
942 ## - ELEMENTOS DE PUNTO DE ACCESO ADICIONAL (KOHA)
Tipo de ítem Koha Libros
Suppress in OPAC 0
Existencias
Estado de retiro Estado de pérdida Ubicación permanente Ubicación actual Fecha de ingreso Signatura topográfica completa Inventario Date last seen Número de copia Tipo de ítem Koha Operador
    Biblioteca ESET - UNQ Biblioteca ESET - UNQ 02/12/2022 Ar 863 ARL 59705 02/12/2022 1 Libros GS

ESET UNQ

☏ 4365-7188
 Avenida República de Francia 1714 entre Doctor Kenny y Concordia, Ezpeleta, Bs As.
✉ secretaria_eset@unq.edu.ar

Con tecnología Koha